| 000 | 00961nam a22002775a 4500 | ||
|---|---|---|---|
| 005 | 20080522115808.0 | ||
| 008 | 080520s2008 nyu 000 0 eng | ||
| 010 | _aENG-97372 | ||
| 020 |
_a9788184502107 _c900.00 |
||
| 035 | _aEN-80905 | ||
| 037 | _bDBAD/PUB | ||
| 040 | _aDPL | ||
| 082 | _a336.2714 | ||
| 100 | _92856 | ||
| 245 |
_aEconomic value added / _cedited by Bhagaban Das [and] Alok Kumar Pramanik |
||
| 250 | _a. | ||
| 260 |
_aNew Delhi _bDeep & Deep Publications _c2009 |
||
| 270 |
_aF-159,Rajouri Garden, _bNew Delhi _e110027 |
||
| 300 |
_ax, 249p. _b23cm. (Hb) |
||
| 500 | _aIncludes bibliographical references and index | ||
| 700 |
_92896 _aDas, Bhagaban |
||
| 700 |
_aPramanik, Alok Kumar _92934 |
||
| 942 |
_2ddc _cEN _mECO _h336.2714 |
||
| 999 |
_c38356 _d38356 |
||